00573nam a2200157Ia 4500008004100000040001600041041001200057082001400069100001200083245010500095260003600200300001700236942000700253952013800260999001700398230917s9999||||xx |||||||||||||| ||und|| e81678aMAIN aEnglish a372 R187C aRath, R 0aCognitive abilities and school achievement of the socially disadvantaged children in primary schools aBombaybAllied Publishersc1979 aviii, 167 p. cBK 0010406372_000000000000000_R187C70977739aMAINbMAINcEDUCd2003-03-14l0o372 R187Cp111399r2023-09-17 20:43:23w2023-09-17yBK c44781d44781